| 000 | 00363nam a22001217a 4500 | ||
|---|---|---|---|
| 040 | _cDLC | ||
| 082 | _a FIR POL 2020 C025 Or. | ||
| 100 | _aKingdom of cambodia,2019 | ||
| 245 | _aPolicy Response Analysis for Agriculture and Food Systems in the Context fo COVID-19 for Cambodia | ||
| 260 |
_aCAMBODIA _bPhnom Penh _c2020 |
||
| 300 |
_aii.15p _c28cm |
||
| 942 | _cAEDBB | ||
| 999 |
_c22410 _d22410 |
||